000 00605nam a2200205Ia 4500
003 GCL
008 140319s9999 xx 000 0 ara d
020 _a9306103779
040 _aGCL /
_cGCL
082 0 4 _a623.89
_bم م
100 1 _aمحمد يوسف طه
245 1 0 _aالملاحة الساحلية /
_cمحمد يوسف طه
700 1 _aمصطفى عبدالعزيز
260 _aالقاهرة :
_bمنشاة المعارف ،
_c1987
300 _a479 ص:
_bايض ؛
_c24 سم
490 _a
650 0 4 _aالملاحة
650 0 4 _aالملاحة الساحلية
942 _2ddc
_cBK
999 _c34872
_d34872